[Event "BRA-ch U18 Girls"]
[Site "Volta Redonda"]
[Date "2001.05.04"]
[Round "2.6"]
[White "Jesus, Vanessa"]
[Black "Yamamoto, Fernanda"]
[Result "0-1"]
[WhiteElo "1800"]
[BlackElo "1800"]
[PlyCount "43"]
[EventDate "2001.05.??"]
[EventType "swiss"]
[EventRounds "6"]
[EventCountry "BRA"]
[SourceTitle "EXT 2003"]
[Source "ChessBase"]
[SourceDate "2002.11.25"]
[SourceVersion "1"]
[SourceVersionDate "2002.11.25"]
[SourceQuality "1"]

1. e4 c5 2. c3 d6 3. d4 Nf6 4. Bd3 g6 5. Bf4 Bg7 6. Nf3 0-0 7. 0-0 Bd7 8. Qd2 b5 9. Bh6 c4 10. Bxg7 Kxg7 11. Bc2 Nc6 12. d5 Ne5 13. Nxe5 dxe5 14. f4 Qc7 15. f5 Ng4 16. Rf3 a5 17. Qg5 Qb6+ 18. Kh1 Nf2+ 19. Rxf2 Qxf2 20. Nd2 f6 21. Rf1 Qe2 22. Bd1 0-1